Gatos famosos - Estadísticas

Estadísticas generales
  • Esta prueba ha sido intentada 2.114 veces
    2.085 desde el último reinicio
  • La puntuación promedio es 8 de 16
Estadísticas de respuestas
Imagen Respuesta % Correcto
Hello Kitty
97%
Garfield
96%
Tom
96%
Gato con botas
91%
Doraemon
84%
Gumball
77%
Silvestre
64%
Félix
30%
Gaturro
28%
Don Gato
25%
Lucifer
21%
Crookshanks
19%
Gato de Cheshire
18%
Duquesa
15%
Salem
15%
Azrael
13%
No se encontraron pruebas coincidentes
Distribución de puntuación
Porcentaje de gente con cada puntuación
Porcentaje por número respondido
Historial de tus puntuaciones
No has intentado esta prueba desde el último reinicio